| 000 | 01805 a2200253 4500 | ||
|---|---|---|---|
| 001 | 40847 | ||
| 005 | 20260407155703.0 | ||
| 008 | 260407a2010 arg spa d | ||
| 003 | AR-UNSa-BCEJYS | ||
| 040 |
_aAR-UNSa-BCEJYS _bspa _cAR-UNSa-BCEJYS |
||
| 080 |
_a371.68 _xMaterial audiovisual (TIC) |
||
| 245 | 1 | 0 |
_aEl proyecto facebook y la posuniversidad _psistemas operativos sociales y entornos abiertos de aprendizaje |
| 020 | _a978-987-1496-04-4 | ||
| 264 | 1 |
_aBarcelona : _bAriel _c2010 |
|
| 300 |
_axx, 236 p. _c24 cm. |
||
| 505 | _a1. Edupunk, maestros ignorantes, educación invisible y el proyecto Facebook - 2. El proyecto Facebook y la creación de entornos colaborativos educativos - 3. El traspaso de la tiza al celular: celumetrajes en el proyecto Facebook para pensar con imágenes y narrativas transmedia - 4. Coaching, producción par a par y neoaprendizajes - 5. Pensando en Facebook, una aproximación colectiva por dimensiones - 6. La arquitectura es la política de la red. Facebook y sus rivales - 7. Cómo ver lo invisible: estrategias para visualizar información en Facebook - 8. Facebook como paradigma de la alfabetización digital en tiempos de barbarie cultural - 9. ¿Y si las nuevas tecnologías no fueran las respuestas? - 10. Comprender las redes sociales como ambientes mediáticos - 11. Aprendizaje en un mundo conectado. Cuando participar (y aprender) es "hacer clic" - 12. Un mundo de medios sin fin. Cambios de aprendizaje, Facebook y las apotesis de las aplicaciones expresivas | ||
| 041 | _aspa | ||
| 942 | _cBK | ||
| 590 | _aniveau_biblio:m niveau_hierar:0 | ||
| 100 | 1 | _aPiscitelli, Alejandro | |
| 700 | 1 | _aAdaime, Iván | |
| 700 | 1 | _aBinder, Inés | |
| 856 | 4 | 1 |
_uhttps://www.biblioeco.unsa.edu.ar/pmb/images/libros/L126308.jpg _yImagen de portada _qimage/jpeg |
| 999 |
_c3319 _d3319 |
||